000 00513nam a22001937i 4500
001 3994
003 OSt
005 20170126082326.0
007 tu
008 161220s1998 xxu||||| |||| 00| 0 d
024 7 _a3993
_2RID
040 _cOSt
084 _a11.46
_2z
100 1 _aKoopmann, Georg
245 0 0 _aWettbewerbspolitische Instrumente der Welthandelsorganisation
260 _aHamburg :
_bHWWA-Institut für Wirtschaftsforschung,Hamburg,
_c1998.
300 _a64 S. ;
_c30cm.
490 _aHWWA-Diskussionspapier
_v64
942 _cB
999 _c3926
_d3926